000 01043nam a2200217 i 4500
001 170528
003 ES-MaACL
005 20250824072722.0
008 090312s1926 ag |||| | spa d
080 _a821.134.2 (82)-2"18"
100 1 _aFernández, Francisco F.
_9139627
245 1 0 _aSolané
_b: drama en cuatro actos /
_cpor Francisco F. Fernández ; [noticia de Jorge M. Furt.
260 _aBuenos Aires :
_b[s.n.],
_c1926 (
_fImp. de la Universidad)
300 _a3 h., p. 266-354 ;
_c23 cm.
490 1 _aSección de documentos. Primera serie. T. III: Teatro en prosa / Facultad de Filosofía y Letras de la Universidad de Buenos Aires, Instituto de Literatura Argentina ;
_v5
700 1 _aFurt, Jorge M. (
_d1902-1971)
_9152229
710 2 _aUniversidad de Buenos Aires.
_bInstituto de Literatura Argentina.
_9139614
830 0 0 _aSección de documentos.
_pPrimera serie.
_pTeatro en prosa (Instituto de Literatura Argentina)
_v5
_9188942
852 _aC-6629(4)
_z- Enc. en un vol. facticio
999 _c170528
_d170528